| 000 | 02017nam a2200373 i 4500 | ||
|---|---|---|---|
| 001 | 15465968 | ||
| 003 | EG-ScBUE | ||
| 005 | 20230509102346.0 | ||
| 008 | 080926t2009 caua f b 001 0 eng d | ||
| 020 | _a9781412951081 (pbk. : acid-free paper) | ||
| 020 | _a1412951089 (pbk. : acid-free paper) | ||
| 035 | _a(OCoLC)ocn251214559 | ||
| 040 |
_aDLC _beng _erda _cDLC _dBTCTA _dYDXCP _dC#P _dOCLCQ _dTSU _dCDX _dBWX _dDLC _dEG-ScBUE |
||
| 082 | 0 | 4 |
_a808.02 _222 _bPIA |
| 100 | 1 |
_aPiantanida, Maria, _eauthor. |
|
| 245 | 1 | 4 |
_aThe qualitative dissertation : _ba guide for students and faculty / _cMaria Piantanida, Noreen B. Garman ; foreword by Frances Schoonmaker. |
| 250 | _aSecond edition. | ||
| 264 | 1 |
_aThousand Oaks, California : _bCorwin, _c[2009] |
|
| 264 | 4 | _cc2009 | |
| 300 |
_axxiv, 301 pages : _billustrations ; _c26 cm |
||
| 336 |
_2rdacontent _atext _btxt |
||
| 337 |
_2rdamedia _aunmediated _bn |
||
| 338 |
_2rdacarrier _avolume _bnc |
||
| 504 | _aIncludes bibliographical references and index. | ||
| 505 | 0 | _aComing to study -- On the deliberative nature of the dissertation -- Meanings of the dissertation -- Facing the dissertation -- Orienting oneself to interpretive inquiry -- Situating oneself in the inquiry -- Rethinking the concept of method -- Rethinking the concept of data -- Moving from the experiential to the theoretic -- Developing ideas for the dissertation proposal -- Crafting an interpretive dissertation proposal -- Proposing the dissertation study -- Living with the study -- Entering into public discourse? : the dissertation meeting -- Life after the dissertation. | |
| 650 | 7 |
_aDissertations, Academic. _2BUEsh |
|
| 650 | 7 |
_aResearch _xMethodology. _2BUEsh |
|
| 653 |
_bART _cMay2023 |
||
| 655 | _vReading book | ||
| 700 | 1 |
_aGarman, Noreen B., _eauthor. |
|
| 906 |
_a7 _bcbc _corignew _d1 _eecip _f20 _gy-gencatlg |
||
| 942 |
_2ddc _cBB |
||
| 999 |
_c30313 _d30284 |
||